000 00504nam a2200181Ia 4500
005 20250508151407.0
008 008 250505s9999 xx 000 0 eng d
037 _aTextual
040 _aFEDL
_beng
_cFEDL
041 _aeng
_2eng
084 _a378.4259, ROB
_qFEDL
100 _aRoberts S C
_956094
245 0 _aIntroduction to Cambridge
260 _aCambridge
_bCambridge University Press
_c1946
300 _a103p.
942 _cTEXL
_h378.4259, ROB
999 _c1329492
_d1329492